| 000 | 00740cam a2200265 4500500 | ||
|---|---|---|---|
| 005 | 20260405003642.0 | ||
| 041 | _afre | ||
| 042 | _adc | ||
| 100 | 1 | 0 |
_aLarmagnac-Matheron, Octave _eauthor |
| 245 | 0 | 0 | _aPourquoi vacciner le monde sauvage ? |
| 260 | _c2023. | ||
| 500 | _a21 | ||
| 690 | _aAnimal | ||
| 690 | _aBiopouvoir | ||
| 690 | _aDomestication | ||
| 690 | _aMoustique | ||
| 690 | _aNature | ||
| 690 | _aSanté | ||
| 690 | _aSue Donaldson | ||
| 690 | _aVaccinations | ||
| 690 | _aVirus | ||
| 690 | _aWill Kymlicka | ||
| 786 | 0 | _nPhilosophie magazine | 167 | 2 | 2023-03-01 | p. 13-13 | 1951-1787 | |
| 856 | 4 | 1 | _uhttps://shs.cairn.info/magazine-philosophie-magazine-2023-2-page-13?lang=fr&redirect-ssocas=7080 |
| 999 |
_c2069625 _d2069625 |
||